[Event "2nd UzChess Cup Masters"]
[Site "Tashkent UZB"]
[Date "2025.06.21"]
[Round "3.1"]
[White "Yakubboev, Nodirbek"]
[Black "Praggnanandhaa, R."]
[Result "1/2-1/2"]
[Annotator "Tactical Analysis 7.0"]
[WhiteElo "2659"]
[BlackElo "2767"]
[PlyCount "100"]
[GameId "2192736925238410"]
[EventDate "2025.06.19"]

1. d4 Nf6 2. c4 {[%cal Bc2c4,Bc4c5][%mdl 32]} e6 3. Nf3 h6 4. a3 d5 5. Nc3 c6 6. c5 {E10: Blumenfeld Gambit.} Nbd7 {[%cal Bb8d7,Bd7c5,Bc5e4][%mdl 32]} 7. g3 $146 {[#]} (7. b4 {is superior.}) ({Predecessor:} 7. e3 Be7 8. Bd3 O-O 9. b4 a6 10. Bb2 Nh7 11. e4 f5 12. e5 Ng5 13. Nd2 {1-0 Wruck,W-Redlinski,R POL-chT4 Kujawsko Pomorskie 1011 Poland 2010 (9.47)}) 7... e5 $1 8. dxe5 Ne4 9. Qc2 Ndxc5 (9... Bxc5 $6 10. Nxe4 dxe4 11. e6 fxe6 12. Qxe4 $14) 10. Nd4 {[%cal Bf3d4,Bd4c6,Bc6e5][%mdl 32] Prevents Bf5} Qe7 (10... f6 $11 11. Bg2 fxe5 12. Nxc6 bxc6 13. Nxe4 dxe4) 11. f4 $14 f6 12. Nxe4 Nxe4 13. Bg2 $1 (13. Nxc6 Qc5 14. Qxc5 Bxc5 $15) 13... fxe5 14. fxe5 ({Worse is} 14. Nxc6 Qc7 $17) 14... Qxe5 {[#]} 15. Nxc6 Qf6 {aiming for ...Qf2+.} 16. Bxe4 dxe4 17. Qxe4+ Qe6 18. Ne5 Bd6 19. Qg6+ (19. Qa4+ {seems wilder.} Kf8 20. Rf1+ Kg8 21. Nf7) 19... Qxg6 20. Nxg6 Rg8 {[#]} 21. Bf4 (21. Rf1 $1 $16) 21... Kf7 $1 $11 22. Bxd6 Kxg6 23. Rf1 Bf5 24. Rd1 Rgd8 25. Rf4 Rac8 26. h4 {[%cal Oh4h5] Threatens to win with h5+!.} Be6 {The position is equal.} 27. Re4 Re8 28. Bb4 Bc4 29. Rdd4 Bb5 30. Kf2 Rxe4 31. Rxe4 {[%mdl 4096] Endgame KRB-KRB. White is a pawn up.} Re8 32. Rg4+ Kh7 33. e3 Bc6 34. Rd4 Re6 35. Ke2 h5 36. Kd3 Bb5+ 37. Kd2 Bc6 38. Bc5 a6 39. Kd3 Bb5+ 40. Kd2 Bc6 41. Rd8 Kg6 42. Bd4 Re8 43. Rd6+ Kf7 44. Kc3 Re6 45. Rd8 Re8 46. Rd6 Re6 47. Rxe6 Kxe6 48. Bxg7 Kf5 49. Kd4 Bf3 50. Be5 {Weighted Error Value: White=0.05 (flawless) /Black=0.06 (flawless)} Bg2 1/2-1/2

[Event "2nd UzChess Cup Masters"]
[Site "Tashkent UZB"]
[Date "2025.06.21"]
[Round "3.2"]
[White "Maghsoodloo, Parham"]
[Black "Aravindh, Chithambaram VR."]
[Result "1/2-1/2"]
[Annotator "Tactical Analysis 7.0"]
[WhiteElo "2691"]
[BlackElo "2749"]
[PlyCount "119"]
[GameId "2192741621753335"]
[EventDate "2025.06.19"]

1. Nf3 Nf6 2. c4 a6 3. g3 b5 4. b3 c5 5. Nc3 Bb7 6. cxb5 $146 {A15: English Opening: 1...Nf6.} ({Predecessor:} 6. Bg2 e6 7. cxb5 axb5 8. Nxb5 Qb6 9. Nc3 Nc6 10. O-O d5 11. d3 Be7 12. Na4 {0-1 Spence,D (2250)-Merry,A (2210) Hinckley e2e4 op Hinckley Island 2012 (6)}) 6... axb5 7. Nxb5 e5 8. Bb2 {White is better.} d6 9. Bg2 Be7 10. O-O O-O 11. d3 Nc6 12. a4 Qd7 13. Nd2 {[%cal Bf3d2,Bd2c4,Bc4e3,Be3f5][%mdl 32]} Rab8 14. Nc4 {White is more active.} Ba6 $1 15. f4 exf4 16. Rxf4 d5 17. Ne3 Bxb5 18. axb5 Nd4 19. Bxd4 cxd4 20. Nf5 (20. Rxd4 Bc5 (20... Rxb5 21. Rda4 $11) 21. Nc2 Qxb5 $17 (21... Bxd4+ 22. Nxd4 Qg4 23. Ra4 $11) (21... Rxb5 22. e3 $17)) 20... Rxb5 21. Ra6 {[%cal Od1c1]} Rfb8 22. Bf3 Rxb3 {...Rb1 is the strong threat.} 23. Kg2 {[%cal Od1a1]} Ra3 24. Rc6 {[%mdl 1088] Decoy. White has compensation.} Rc3 (24... Qxc6 $2 25. Nxe7+ Kh8 26. Nxc6 $18) 25. Ra6 (25. Nxe7+ Qxe7 26. Ra6 Ra3 27. Rxa3 Qxa3 28. Qg1) 25... Ra3 {Prevents Qa4} 26. Rc6 {[%cal Od1g1][%mdl 64] Decoy} Rc3 {[#]} (26... Qxc6 $2 27. Nxe7+ Kh8 28. Nxc6 $18) 27. Qa4 {[#]} Bd6 $1 $17 {[%mdl 512]} 28. Nxd6 Qxc6 (28... Rxc6 $17 29. Nf5 Re8 30. Nxd4 Rc5) 29. Qxd4 $11 {[#]} Rxd3 $1 30. Qxd3 Qxd6 31. Rd4 Rd8 32. e4 {The position is equal.} g6 33. exd5 Nd7 34. Qe3 Ne5 35. Be2 Rc8 36. Rd2 Ra8 37. Qd4 Ra5 38. Qe4 h5 39. Qd4 Kh7 40. Qe4 Kg7 41. Qd4 f6 42. Qb2 Ra7 (42... Rxd5 $2 43. Qb7+ Qd7 44. Qxd5 $18) 43. Qd4 Ra5 44. Qb2 Ra4 (44... Rxd5 $2 {too greedy.} 45. Qb7+ Qd7 46. Qxd5 $18) 45. Qb7+ Kh6 46. Qc8 h4 ({Avoid the trap} 46... Qb4 $2 47. Qh8+ Kg5 48. h4+ $18) 47. Qe6 Qb4 48. Qxf6 $1 {Black must now prevent Qh8+.} Qxd2 49. Qh8+ Kg5 50. Qxe5+ {[%mdl 4096] Endgame KQR-KQB} Kh6 51. Qh8+ Kg5 52. gxh4+ Rxh4 53. Qd8+ {[%mdl 64] Skewer} Kf5 54. Qxh4 Qxe2+ 55. Qf2+ Qxf2+ 56. Kxf2 {White threatens Kf3 and mate. KPP-KP. White is a pawn up.} Ke5 57. h4 Kxd5 58. h5 gxh5 59. Kg3 h4+ {A fantastic game!   Weighted Error Value: White=0.07 (flawless) /Black=0.06 (flawless)} 60. Kxh4 1/2-1/2

[Event "2nd UzChess Cup Masters"]
[Site "Tashkent UZB"]
[Date "2025.06.21"]
[Round "3.3"]
[White "Nepomniachtchi, Ian"]
[Black "Erigaisi, Arjun"]
[Result "1/2-1/2"]
[Annotator "Tactical Analysis 7.0"]
[WhiteElo "2757"]
[BlackElo "2782"]
[PlyCount "63"]
[GameId "2192748406601438"]
[EventDate "2025.06.19"]

1. e4 e5 2. Nf3 Nc6 3. Bb5 a6 4. Ba4 Nf6 5. O-O Nxe4 6. d4 b5 7. Bb3 d5 8. dxe5 Be6 9. c3 Bc5 10. Bc2 O-O 11. Nbd2 Nxf2 12. Rxf2 f6 {[#]} 13. Nf1 $1 {C82: Open Ruy Lopez: 9 c3 without 9...Be7.} Bxf2+ 14. Kxf2 fxe5 15. Kg1 {and Ng5 would now be decisive. White is slightly better.} Qd6 16. Be3 Rad8 17. Qe1 Bf5 $1 18. Bxf5 Rxf5 19. Rd1 h6 {Inhibits Bg5.} 20. Bf2 e4 21. Nd4 $146 ({Predecessor:} 21. Bg3 exf3 22. Bxd6 f2+ 23. Qxf2 Rxf2 24. Kxf2 Rxd6 25. Ne3 d4 26. cxd4 Nxd4 27. b4 {0-1 Fromm,M (2472)-Gallo Garcia,K (2356) Wch U20 60th Mexico City 2023 (8)}) 21... Nxd4 22. cxd4 Rdf8 23. Rd2 Qb4 $1 {[%cal Of5f2] [#] And now ...Rxf2! would win.} 24. a3 Qb3 25. h3 {[%mdl 1024] White has compensation.} R5f7 $1 26. Ng3 Rf6 27. Kh2 ({White should play} 27. Nf1 $11) 27... a5 28. Nh5 Rf5 29. Ng3 R5f6 30. Nh5 Rf5 31. Ng3 R5f6 {Weighted Error Value: White=0.09 (flawless) /Black=0.06 (flawless)} 32. Nh5 $1 1/2-1/2

[Event "2nd UzChess Cup Masters"]
[Site "Tashkent UZB"]
[Date "2025.06.21"]
[Round "3.4"]
[White "Abdusattorov, Nodirbek"]
[Black "Rapport, Richard"]
[Result "1-0"]
[Annotator "Tactical Analysis 7.0"]
[WhiteElo "2767"]
[BlackElo "2714"]
[PlyCount "107"]
[GameId "2192750545303681"]
[EventDate "2025.06.19"]

1. e4 c5 2. Nf3 d6 3. d4 cxd4 4. Nxd4 Nf6 5. Nc3 Nc6 6. Bc4 e6 7. Be3 a6 8. Bb3 Na5 9. f4 Qc7 10. g4 {B88: Sicilian: Sozin Attack.} d5 {And now ...Bb4 would win.} 11. exd5 $146 (11. e5 $142 $1 Nd7 12. O-O) ({Predecessor:} 11. e5 Nd7 12. O-O Nc4 13. Bxc4 Qxc4 14. Qf3 Qc7 15. Rae1 Bb4 16. f5 Nc5 17. Ncb5 axb5 18. Nxb5 {1-0 Vaisman,V-Mititelu,G ROM-ch37 Final Bucharest 1973}) 11... Bb4 {[%csl LRc3,LRd5]} 12. dxe6 {Black has an edge.} Nxb3 (12... Bxc3+ {keeps more tension.} 13. bxc3 Nxb3 14. cxb3 Qxc3+ 15. Kf2 O-O) 13. cxb3 Bxc3+ 14. bxc3 Qxc3+ 15. Kf2 Bxe6 (15... Nd5 $6 16. Re1 O-O (16... Bxe6 $2 17. Rc1 $18) 17. exf7+ (17. Rc1 Qa5 $16) 17... Rxf7 18. f5 $16) 16. Nxe6 fxe6 17. Rc1 {Dancing on a razor blade.} Qb2+ 18. Kf3 Rd8 {Against Qd6} 19. Qc2 Qxc2 20. Rxc2 Nd5 {Prevents Bb6} 21. Re1 {[%cal Oe3b6]} O-O 22. h4 Rc8 23. Rxc8 Rxc8 $11 {[%mdl 4096] Endgame KRB-KRN} 24. Bd4 Kf7 25. Re5 Ne7 26. Rc5 Rxc5 27. Bxc5 {KB-KN} Nc6 28. Ke4 g6 29. Bb6 h5 30. gxh5 gxh5 31. f5 Ne7 32. fxe6+ Kxe6 33. Bf2 Nd5 34. Be1 b6 {[%cal Bb7b6,Bb6b5][%mdl 32]} 35. Bd2 b5 36. Ba5 Ne7 {Black is now going downhill.} 37. Kf4 $1 Nc6 38. Bc3 a5 $2 (38... b4 39. Ba1 Ne7) 39. Kg5 $1 $18 a4 {[#]} 40. b4 (40. Kxh5 b4 41. Be1 axb3 42. axb3 Kf7 $11) 40... Ne7 41. Kxh5 Nd5 42. Bd2 Kf5 43. a3 Nb6 44. Kh6 Nc4 45. Bc3 Nxa3 46. h5 {[%cal Bh4h5,Bh5h6][%mdl 32]} Nb1 47. Ba1 Nd2 48. Kg7 Ne4 49. h6 Ng5 50. Bb2 Ne6+ 51. Kg8 Ng5 52. Bc1 {Strongly threatening Bxg5.} a3 {[%cal Ba4a3,Ba3a2][%mdl 32] [#]} 53. Bxg5 $1 (53. Bxa3 Kg6 $11) 53... a2 {[#]} {Weighted Error Value: White=0.02 (flawless) /Black=0.77} 54. Bf6 $1 {[%mdl 512]} 1-0

[Event "2nd UzChess Cup Masters"]
[Site "Tashkent UZB"]
[Date "2025.06.21"]
[Round "3.5"]
[White "Vokhidov, Shamsiddin"]
[Black "Sindarov, Javokhir"]
[Result "1/2-1/2"]
[Annotator "Tactical Analysis 7.0"]
[WhiteElo "2644"]
[BlackElo "2710"]
[PlyCount "42"]
[GameId "2192755711404486"]
[EventDate "2025.06.19"]

1. e4 e5 2. Nf3 Nc6 3. Bb5 {[%cal Bf1b5,Bb5a4,Ba4b3][%mdl 32]} a6 4. Ba4 Nf6 5. O-O b5 6. Bb3 Bb7 7. d3 Bc5 $1 {[%mdl 4] now scores much better than the old 7...Be7.} 8. Be3 {C78: Ruy Lopez: Archangelsk and MÃ¶ller Defences.} Bxe3 9. fxe3 O-O 10. Nc3 {White has an edge.} d6 11. a3 Ne7 {[%cal Bc6e7,Be7g8,Bg8f6,Bf6g4][%mdl 32]} 12. Nh4 {[%cal Of1f6]} Kh8 {[#]} 13. Rxf6 $1 gxf6 14. Qh5 $146 {[%cal Oa1f1]} ({Predecessor:} 14. Qf3 f5 15. Nxf5 Nxf5 16. Qxf5 Bc8 17. Qh5 f6 18. Bd5 Rb8 19. Rf1 Bd7 20. Ne2 Qe8 21. Qxe8 Rc8 22. Qxf8+ Rxf8 23. Ng3 {0-1 Sapenov,D (2389)-Makhnev,D (2519) Dubai Police op-A 2024 (1)}) 14... Bc8 {[#]} 15. Rf1 $1 {White has more active pieces.} Be6 {[#]} 16. Rxf6 (16. Nd5 $1 $16 {[%cal Rd5f6]} Rg8 17. Nxf6) 16... Ng8 $11 {The position is equal.} 17. Rf3 Nf6 $36 {[%mdl 2048] Black has the initiative.} 18. Qh6 Ng4 19. Qh5 Nf6 20. Qh6 Ng4 21. Qh5 {Threatens to win with Bxe6.} {Weighted Error Value: White=0.07 (flawless) /Black=0.04 (flawless)} Nf6 1/2-1/2

[Event "2nd UzChess Cup Masters"]
[Site "Tashkent UZB"]
[Date "2025.06.22"]
[Round "4.1"]
[White "Praggnanandhaa, R."]
[Black "Sindarov, Javokhir"]
[Result "1-0"]
[Annotator "Tactical Analysis 7.0"]
[WhiteElo "2767"]
[BlackElo "2710"]
[PlyCount "89"]
[GameId "2192757124856633"]
[EventDate "2025.06.19"]

1. d4 d5 2. c4 e6 3. Nf3 Nf6 4. Nc3 c6 5. Qd3 Nbd7 6. Bf4 {D43: Semi-Slav: 5 Bg5 h6.} a6 7. e4 dxc4 8. Qxc4 {White is slightly better.} b5 9. Qe2 (9. Qxc6 Ra7 $11) 9... b4 $146 (9... Qa5 $14) ({Predecessor:} 9... Qa5 10. Nd2 Qb6 11. a4 Bb4 12. Be3 O-O 13. f3 Qb8 14. Qf2 e5 15. Be2 Bd6 {Â½-Â½ Rangel Garcia,R (2252)-Vertiz Gutierrez,P (2346) WZ-ch01 email ICCF email 2018}) 10. Na4 $16 Bb7 11. Rc1 (11. Rd1 $16) 11... Be7 $1 $14 12. Nd2 {White is more active.} (12. Qc2 $14 {deserves consideration.}) 12... c5 13. Nxc5 $16 Nxc5 14. dxc5 Rc8 15. Be3 (15. c6 $1 $16) 15... Nxe4 $2 (15... Nd7 $11) 16. Nxe4 $18 Bxe4 {[#]} 17. Qg4 $1 (17. Qxa6 O-O $11) 17... Bb7 18. Qxb4 (18. Qxg7 Bf6 19. Qg3 Bxb2 $15) (18. Rd1 $1 $18 {[%cal Rd1d8]} Qa5 19. Qxg7) 18... Qc7 $14 19. f3 O-O 20. Be2 a5 21. Qa3 Bc6 22. O-O Bf6 23. Rc2 a4 24. Rb1 Qe5 25. Qc3 Qf5 26. Qd3 Qe5 27. Qc3 Qf5 {[#]} ({Black should play} 27... Qh5 28. Qe1 Rfd8) 28. Qd3 ({Better is} 28. Bd3 $1 $16 {[%cal Rd3f5]}) 28... Qe5 29. Qd2 Rfd8 30. Qc1 {White stays focused until the end.} Qh5 $2 (30... Ra8 $16) 31. b4 $18 {And now b5 would win.} axb3 32. axb3 {[%cal Ba2b3,Bb3b4,Bb4b5,Bb5b6][%mdl 32]} Be5 33. h3 Qg6 34. b4 Qg3 35. b5 Bd5 36. Kf1 f5 37. Bg1 {Prevents Qh2.} Be4 {[#]} 38. b6 $1 Bf4 39. Qb2 Be5 40. Qb3 Bxc2 41. Qxc2 Kh8 42. c6 {[%cal Bc5c6,Bc6c7][%mdl 32]} Qf4 43. Qc1 {White is clearly winning.} Qa4 44. c7 Rg8 {Weighted Error Value: White=0.13 (very precise) /Black=0.29 (precise)} 45. Qc5 1-0

[Event "2nd UzChess Cup Masters"]
[Site "Tashkent UZB"]
[Date "2025.06.22"]
[Round "4.2"]
[White "Rapport, Richard"]
[Black "Vokhidov, Shamsiddin"]
[Result "1/2-1/2"]
[Annotator "Tactical Analysis 7.0"]
[WhiteElo "2714"]
[BlackElo "2644"]
[PlyCount "100"]
[GameId "2192761347316864"]
[EventDate "2025.06.19"]

1. c4 Nf6 {[%cal Bg8f6,Bf6d5,Bd5b4][%mdl 32]} 2. Nc3 e5 3. Nf3 Nc6 4. g3 d5 5. cxd5 Nxd5 6. Bg2 {[%cal Of3e5]} Bc5 $1 {[%mdl 4] is now more promising than 6...Nb6. A29: English Opening: Four Knights Variation with 4 g3.} 7. Qc2 {[%cal Of3e5]} Ndb4 8. Qa4 {[%cal Oa2a3] [#] Strongly threatening a3!.} Bd7 9. O-O Nd4 10. Qd1 Nxf3+ 11. Bxf3 Nc6 12. Rb1 $146 {[%cal Ob2b4]} ({Predecessor:} 12. d3 O-O 13. Be3 Nd4 14. Bxb7 Rb8 15. Bg2 Rxb2 16. Rb1 Qb8 17. Bxd4 Bxd4 18. Nd5 {1-0 Nepomniachtchi,I (2784)-Giri,A (2764) Carlsen Inv Prelim chess24.com INT rapid 2020 (3.2)}) 12... Rb8 13. d3 O-O 14. Be3 Bxe3 15. fxe3 Ne7 16. b4 c6 17. Qd2 Bh3 18. Rfc1 b6 19. Nd1 Rc8 20. e4 Be6 21. Rc2 Qd7 22. Rbc1 Rc7 23. Nf2 Rfc8 24. Kg2 f6 25. h3 c5 26. bxc5 Rxc5 27. Rxc5 Rxc5 28. Rxc5 bxc5 29. Qa5 c4 30. dxc4 $1 Bxc4 31. Bg4 Nc6 {[#]} 32. Qc5 Be6 33. Bxe6+ Qxe6 $11 {[%mdl 4096] Endgame KQN-KQN} 34. Nd1 a6 35. Nc3 h5 36. Qd5 Kf7 37. Kf2 Ne7 38. Qb3 Qxb3 39. axb3 {KN-KN} Nc6 40. Na4 Ke7 41. Ke3 Kd6 42. Kd3 Nd4 (42... a5 $1 $15 43. Kc4 Nd4) 43. b4 {The position is equal.} Kc6 {And now ...Kb5 would win.} 44. Nc3 Nb5 45. Nd5 Nd6 46. Ne7+ Kb5 47. Nd5 Ne8 48. Kc3 Nd6 49. Kd3 Ne8 50. Kc3 {Weighted Error Value: White=0.03 (flawless) /Black=0.04 (flawless)} Nd6 1/2-1/2

[Event "2nd UzChess Cup Masters"]
[Site "Tashkent UZB"]
[Date "2025.06.22"]
[Round "4.3"]
[White "Erigaisi, Arjun"]
[Black "Abdusattorov, Nodirbek"]
[Result "1/2-1/2"]
[Annotator "Tactical Analysis 7.0"]
[WhiteElo "2782"]
[BlackElo "2767"]
[PlyCount "120"]
[GameId "2192765795515722"]
[EventDate "2025.06.19"]

1. e4 e5 2. Nf3 Nc6 3. Bb5 Nf6 4. d3 Bc5 5. c3 O-O 6. O-O {C65: Ruy Lopez: Berlin Defence (3...Nf6), unusual lines and 4 0-0 Bc5.} Re8 7. Bg5 {[%cal Bc1g5,Bg5h4,Bh4g3,Bg3h2][%mdl 32]} h6 8. Bh4 {White has an edge.} Be7 9. Bg3 {[%cal Ob5c6]} d6 10. h3 Bd7 11. Nbd2 $146 ({Predecessor:} 11. Ba4 Bf8 12. Nbd2 g6 13. Re1 Bg7 14. Nf1 a5 15. Bb3 Nb8 16. a4 Na6 17. Ne3 {1-0 Smirin,I (2594)-Michalik,P (2556) Olympiad-43 Batumi 2018 (7.5)}) 11... Nh5 12. Bh2 Bg5 13. Nxg5 Qxg5 14. Nf3 Qf6 15. Re1 a6 16. Bc4 Nf4 17. d4 Rad8 18. Bxf4 Qxf4 19. Qc1 Qf6 {[%cal Od7h3]} 20. Qe3 Ne7 21. Bf1 Ng6 22. Kh2 (22. Rad1 {feels stronger.}) 22... exd4 $11 23. cxd4 {[#]} c5 $1 24. Qd2 (24. e5 cxd4) 24... Bc6 (24... cxd4 {with more complications.} 25. Nxd4 Re7 26. Bc4 Rc8) 25. d5 Bb5 26. Bxb5 axb5 27. a3 Ra8 {...Ra4 poses a challenge} 28. Re3 {[#]} b4 $1 29. Rae1 (29. g3 bxa3) 29... bxa3 30. Rxa3 Rxa3 31. bxa3 b5 32. Qe3 (32. Qa5 $11) 32... Qb2 (32... Qf4+ {simplifies} 33. Qxf4 Nxf4 34. Re3 Kf8) 33. Re2 Qb1 34. Nd2 Qa1 35. Re1 Qe5+ 36. g3 Qb2 (36... Ra8 $15) 37. Rb1 Qc2 38. Rxb5 c4 {[%cal Bc5c4,Bc4c3,Bc3c2][%mdl 32] ...c3 is the strong threat.} 39. Kg2 c3 {[%mdl 1024] Black has compensation.} 40. Nf3 Rc8 ({Much worse is} 40... Qxe4 $6 41. Qxe4 (41. Qxc3 Ne5 $11) 41... Rxe4 42. Rb8+ Kh7 43. Rc8 $14) 41. Qe1 {Prevents Qd1.} Qd3 42. Rb1 $1 c2 {[%csl LRa3,LRb1]} 43. Rc1 Qxa3 {The position is equal.} 44. Qd2 Qa4 45. Qe2 Rc4 46. Qd2 Rc5 47. Qe2 Rc4 48. Qd2 f6 49. Ne1 {[%cal Bf3e1,Be1c2,Bc2e3][%mdl 32]} Rxe4 50. Nxc2 Rc4 51. Ne3 Rxc1 52. Qxc1 {[%mdl 4096] Endgame KQN-KQN} Qe4+ 53. Kg1 Ne5 54. Qc8+ Kf7 55. Qe6+ Kg6 56. Qxd6 Nf3+ 57. Kg2 Ng5+ 58. Kh2 Nf3+ 59. Kg2 Ng5+ 60. Kh2 {Weighted Error Value: White=0.05 (flawless) /Black=0.05 (flawless)} Nf3+ 1/2-1/2

[Event "2nd UzChess Cup Masters"]
[Site "Tashkent UZB"]
[Date "2025.06.22"]
[Round "4.4"]
[White "Aravindh, Chithambaram VR."]
[Black "Nepomniachtchi, Ian"]
[Result "1/2-1/2"]
[Annotator "Tactical Analysis 7.0"]
[WhiteElo "2749"]
[BlackElo "2757"]
[PlyCount "151"]
[GameId "2192771544133264"]
[EventDate "2025.06.19"]

1. e4 c5 2. Nf3 d6 3. d4 cxd4 4. Nxd4 Nf6 5. Nc3 a6 6. h3 e5 7. Nde2 {7.Nb3 is more advanced technology.} h5 {B90: Sicilian Najdorf: Unusual White 6th moves, 6 Be3 Ng4 and 6 Be3 e5.} 8. g3 Be7 {8...Nbd7 is vanishing.} 9. Bg2 b5 {White has an edge.} 10. Nd5 Nxd5 11. Qxd5 Ra7 12. Be3 Rb7 13. Qd2 Nd7 14. Nc3 Nf6 15. a3 a5 16. b4 Be6 17. O-O O-O 18. Kh2 $146 (18. Rfd1 $11) ({Predecessor:} 18. Nd5 axb4 19. Nxf6+ Bxf6 20. axb4 Qc8 21. h4 Qc6 22. c3 Rbb8 23. Rfd1 Rfc8 24. Qd3 {Â½-Â½ Johnson,B (2531)-Moser,R (2407) SUI-ch35 B email ICCF email 2020}) 18... axb4 19. axb4 Qc7 20. Rfc1 Rc8 21. Nd5 Nxd5 22. exd5 Bd7 23. Ra6 Qc4 24. Bc5 dxc5 {[%cal Bd6c5,Bc5b4,Bb4b3,Bb3b2][%mdl 32]} 25. d6 e4 $1 26. dxe7 Be8 27. Qd8 (27. Qg5 $11 cxb4 28. Re1 (28. Qxh5 Rxe7 29. Qg5 Qc5 $17) 28... Qxc2 29. Qf5) 27... Rbb8 (27... cxb4 $15 28. Bxe4 Rd7) 28. Qd6 cxb4 {and ...b3 should not be overlooked} 29. Qe5 Qc7 {The position is equal.} 30. Qxe4 {[%cal Oc1d1]} b3 31. Ra3 b2 {[%mdl 64] [#] Deflection} 32. Rb1 Rb6 33. Ra8 Re6 34. Rxc8 Qxc8 35. Qd4 Qxc2 (35... Rxe7 {simplifies} 36. Rxb2 Re2 37. Be4 g6) 36. Rxb2 Qc7 37. Rxb5 {[%mdl 64] [#] Promotion} Qxe7 38. Rxh5 Bc6 39. Bxc6 Rxc6 $11 {[%mdl 4096] Endgame KQR-KQR. White is a pawn up.} 40. Re5 Re6 41. Rd5 Qf6 42. Qd2 Qf3 43. Rd8+ Kh7 44. Qc2+ g6 {( -> ...Re1)} 45. Qb2 Qf6 46. Qd2 Re4 47. Rd3 Qe5 48. Re3 Rxe3 49. Qxe3 {KQ-KQ. White is a pawn up.} Qd5 50. h4 Kg8 51. Qe8+ Kg7 52. Qe2 Kg8 53. Qe3 Kh7 54. Qf4 Kg8 55. Kg1 Kh7 56. Kh2 Kg8 57. g4 Qc5 58. Kg2 Kg7 59. Qe4 Kg8 60. Qf3 Kg7 61. Kg3 Qe5+ 62. Qf4 Qc3+ 63. Qe3 Qa1 64. f3 Qa5 65. Qd4+ Kg8 66. Qe3 Kg7 67. f4 {aiming for Qe5+.} Kh7 68. Kh3 Qd5 69. Kg3 Qa5 70. Qf3 Qe1+ 71. Kh3 Kg7 72. g5 Qe6+ 73. Kg2 Qa2+ 74. Kg3 Qb1 75. Qc3+ Kg8 {An exciting game.   Weighted Error Value: White=0.07 (flawless) /Black=0.06 (flawless)} 76. Qe3 1/2-1/2

[Event "2nd UzChess Cup Masters"]
[Site "Tashkent UZB"]
[Date "2025.06.22"]
[Round "4.5"]
[White "Yakubboev, Nodirbek"]
[Black "Maghsoodloo, Parham"]
[Result "0-1"]
[Annotator "Tactical Analysis 7.0"]
[WhiteElo "2659"]
[BlackElo "2691"]
[PlyCount "84"]
[GameId "2192777730142374"]
[EventDate "2025.06.19"]

1. d4 d5 2. c4 c6 3. Nf3 Nf6 4. Nc3 dxc4 5. a4 Bf5 6. Ne5 Nbd7 7. Nxc4 Nb6 {The modern move.} 8. Ne5 a5 $1 9. h4 {D17: Slav Defence: 5 a4 Bf5: Lines with 6 Nh4 and 6 Ne5.} e6 10. f3 $1 h6 $1 11. e4 {White is slightly better.} Bh7 12. Be3 Nfd7 13. Nxd7 Nxd7 14. Bc4 Bb4 15. Kf2 $146 (15. Qe2 {was preferable.}) ({Predecessor:} 15. g4 Qc7 16. Kf2 e5 17. d5 Bc5 18. Bxc5 Nxc5 19. Kg2 O-O 20. Rc1 Rad8 21. Qe2 {0-1 Skatchkov,V (2281)-Quintiliano Pinto,R (2469) Titled Tuesday intern op 01st Dec Chess.com INT blitz 2020 (11)}) 15... e5 16. d5 O-O 17. g4 Kh8 {[%cal Oh6h5]} 18. dxc6 bxc6 19. Ne2 {[%cal Bc3e2,Be2g3,Bg3f5,Bf5e3,Be3f1][%mdl 32]} Bg8 (19... h5 $15) 20. b3 Bc5 21. Qc1 Qb6 {[%cal Oh6h5]} 22. Rd1 Rad8 {[%cal Oh6h5]} 23. Ng3 f6 24. Bxg8 Rxg8 25. Nf5 {[%cal Og4g5]} Qxb3 26. g5 (26. Bxc5 Nxc5 27. Nd6 (27. Rxd8 $2 Rxd8 28. Qxc5 Qb2+ 29. Kg3 Qxa1 $19) 27... Nd3+ (27... Nxa4 28. Rxa4 Rxd6 29. Rxd6 $11) 28. Rxd3 Qxd3 $17) 26... fxg5 27. hxg5 (27. Bxc5 $2 Nxc5 28. Rb1 (28. hxg5 $2 Nd3+ 29. Rxd3 Rxd3 $19) (28. Rxd8 $2 Rxd8 29. Kg1 Ne6 $19) 28... Qa2+ (28... Qxa4 29. Nd6 $17) 29. Kg1 Ne6 $19 (29... Nxa4 $2 30. Rxd8 Rxd8 31. Ra1 $19) (29... Nd3 $2 30. Qd2 $19)) 27... Bxe3+ $1 28. Nxe3 Rgf8 {[#]} (28... hxg5 29. Rh1#) (28... Qf7 $1 $14) 29. gxh6 (29. Nf5 $1 $18) 29... g6 $1 $11 (29... gxh6 $2 30. Rh1 Nf6 31. Rxh6+ (31. Qxc6 Rd2+ {[%mdl 64] Deflection} 32. Kg3 Qxe3 33. Qe6 Nxe4+ 34. Kh3 Rxf3+ 35. Kg4 Qg5+ 36. Kxf3 Qf4#) 31... Nh7 32. Rb1 (32. Qxc6 Rd2+ {[%mdl 64] Deflection} 33. Kg3 Rg8+ 34. Kh3 Qxe3 $11) (32. Rxc6 Rxf3+ {[%mdl 64] Decoy} 33. Kxf3 Qf7+ 34. Ke2 Qh5+ 35. Kf1 Qh1+ 36. Kf2 Qh2+ 37. Kf1 Qh1+ 38. Kf2 Qh2+ 39. Kf1 Qh1+ $11) 32... Qa2+ (32... Qf7 $2 33. Nf5 $18) 33. Rb2 $18) 30. Ra3 (30. Qxc6 Qf7 31. Ng2 Qxf3+ 32. Kg1 Nb8 $15) 30... Qe6 31. Rad3 {and Kg2 would now be decisive} Qh3 $36 {[%csl LRf3,LRh6][%mdl 2048] Black has some pressure.} 32. Nf1 {Repels Qh2+} (32. Ng2 $2 Nf6 33. Kg1 (33. Rxd8 $2 Ng4+ 34. Ke1 Qh1+ 35. Kd2 Rxd8+ 36. Kc2 Qxg2+ $19) 33... Ng4 34. fxg4 (34. Rxd8 Qh2+ 35. Kf1 Qh1+ {[%mdl 64] Deflection} 36. Ke2 Qxg2+ 37. Kd3 Rxd8+ $19) 34... Rxd3 35. Rxd3 Qxd3 36. Qxc6 Qd1+ 37. Kh2 Qxg4 $19) 32... Rf4 {[%cal Od8f8] White must now prevent ...Rdf8!. Really sharp!} 33. Ke1 $2 {[%mdl 8192] [#]} (33. Qxc6 Rdf8 34. Qc3 (34. Qxd7 $2 Rxf3+ 35. Rxf3 Rxf3+ 36. Kg1 Rxf1+ {[%mdl 64] Deflection} 37. Rxf1 Qxd7 $19) (34. Rxd7 Qxf3+ 35. Kg1 Rg4+) 34... g5 $17) (33. Kg1 $11) 33... Rdf8 $1 $19 34. Kd2 (34. Rxd7 Rxf3 35. Qc5 Rxf1+ 36. Kd2 Qxd7+ 37. Kc3 R8f3+ (37... Rxd1 {leads to mate.} 38. Qxe5+ Kh7 39. Qg7+ Qxg7+ 40. hxg7 Rf2 41. Kc4 Rc2+ 42. Kb3 Rdd2 43. g8=R Kxg8 44. e5 Rc5 45. e6 Rdc2 46. e7 R5c3#) 38. Kb2 R3f2+ (38... Rxd1 39. Qxe5+ Kh7 40. Qg7+ Qxg7+ 41. hxg7 Rd2+ 42. Kc1 Rh2 43. g8=B+ Kxg8 44. e5 Rf1#)) (34. Qc4 Rxf3) 34... Rxf3 35. Rxf3 Rxf3 36. Qc4 Rf2+ ({Less strong is} 36... Qxh6+ 37. Kc2 Rf2+ 38. Rd2 $17) 37. Ke1 {[#]} Qh4 $1 {( -> ...Rh2+)} 38. Rd2 Rf4+ {[%csl Oe1][%mdl 64] Discovered Attack (Check)} 39. Kd1 Rxe4 {( -> ...Qe1+)} 40. Qf7 Re1+ 41. Kc2 Qxa4+ 42. Kb2 {Beautiful play by Maghsoodloo!   Weighted Error Value: White=0.64/Black=0.06 (flawless)} Qa1+ 0-1